Filme mit den meisten Oscar Nominierungen - Statistiken

Allgemein
  • Dieses Quiz wurde 41 mal gespielt
  • Das Durchschnittsergebnis liegt bei 4 aus 17
Antwortstatistiken
Nominierungen Erscheinungsjahr Filme % Korrekt
14 1997 Titanic
86%
13 2023 Oppenheimer
57%
13 1994 Forrest Gump
34%
13 1939 Vom Winde verweht
34%
14 2016 La La Land
29%
13 2025 One Battle After Another
26%
16 2025 Blood and Sinners
23%
13 2002 Chicago
14%
13 1998 Shakespeare in Love
14%
13 2024 Emilia Perez
11%
13 2017 Shape of Water
11%
14 1950 Alles über Eva
9%
13 2001 Der Herr der Ringe Die Gefährten
9%
13 1964 Marry Poppins
9%
13 2008 Der seltsame Fall des Benjamin Button
6%
13 1953 Verdammt in alle Ewigkeit
0%
13 1966 Wer hat Angst vor Virginia Woolf
0%
Keine übereinstimmenden Quizze gefunden
Verteilung der Resultate
Anzahl Personen mit jedem Resultat
Perzentil nach korrekt beantworteten Fragen
Ihre Resultats-Entwicklung
Sie haben dieses Quiz noch nicht gespielt